01511nam a22002057a 4500999001700000020001800017082002000035245019800055246008600253260007700339300001700416520043200433546001000865650007200875700003700947700004200984700004101026942001201067952022601079 c25627d25627 a9789386446299 a371.35095bDUR- aदूरस्थ शिक्षा और इ लर्निंग में गुणवत्ता b: एशिया मैं चुनोतीत्यन और समाधान  aDurasth shiksha aur E- LearningMein Gunvatta : Asia Main Chhunotityan or Samadhan aनई दिल्ली bसेज पब्लिकेशन c2017 a xxvi, 280p. aQuality Assurance in Distance Education and E-Learning: Challenges and Solutions from Asia documents the existing regulatory framework covering quality assurance (QA) systems in distance education (DE) in a number of Asian countries. It draws on the knowledge and experience of 16 selected DE/e-learning institutions of Asia and reveals the respective development of QA systems and procedures within these providers/programmes. aHindi aEducation Distance EducationvDistance EducationvE-LearningzAsia aजुंग, िणसुंग aवोंग, तात मेंग  aवेलावती , टीएन 2ddccBK 00102ddc40708Hindi BooksaNASSDOCbNASSDOCd2019-03-25eOPi2019-03-26l0o371.35095 DUR-p50198r2019-09-03 00:00:00w2019-03-26yBKzहिंदी पुस्तकों पर विशेष संग्रह